<?xml version="1.0" encoding="UTF-8"?>
<record
    xmlns:xsi="http://www.w3.org/2001/XMLSchema-instance"
    xsi:schemaLocation="http://www.loc.gov/MARC21/slim http://www.loc.gov/standards/marcxml/schema/MARC21slim.xsd"
    xmlns="http://www.loc.gov/MARC21/slim">

  <leader>00456cam a22001451  4500</leader>
  <datafield tag="100" ind1="1" ind2=" ">
    <subfield code="a">Bukh&#x101;r&#x12B;, Mu&#x1E25;ammad ibn Ism&#x101;&#x2BB;&#x12B;l,</subfield>
  </datafield>
  <datafield tag="245" ind1="1" ind2="3">
    <subfield code="a">Le recueil des traditions mahom&#xE9;tanes</subfield>
  </datafield>
  <datafield tag="260" ind1=" " ind2=" ">
    <subfield code="a">Leyde,</subfield>
    <subfield code="b">E. J. Brill,</subfield>
    <subfield code="c">1862-1908.</subfield>
  </datafield>
  <datafield tag="300" ind1=" " ind2=" ">
    <subfield code="a">4 v.</subfield>
  </datafield>
  <datafield tag="500" ind1=" " ind2=" ">
    <subfield code="a">Added t. p. in arabic: al-Jami&#x2BB; al-&#x1E63;a&#x1E05;i&#x1E25;.</subfield>
  </datafield>
  <datafield tag="500" ind1=" " ind2=" ">
    <subfield code="a">Vol. 4, "Publi&#xE9; par Ludolf Krehl, continu&#xE9; par Th. W. Juynboll."</subfield>
  </datafield>
  <datafield tag="650" ind1=" " ind2="0">
    <subfield code="a">Hadith.</subfield>
  </datafield>
  <datafield tag="700" ind1="1" ind2=" ">
    <subfield code="a">Krehl, Ludolf,</subfield>
  </datafield>
  <datafield tag="942" ind1=" " ind2=" ">
    <subfield code="c">BK</subfield>
  </datafield>
  <datafield tag="952" ind1=" " ind2=" ">
    <subfield code="0">0</subfield>
    <subfield code="1">0</subfield>
    <subfield code="4">0</subfield>
    <subfield code="7">0</subfield>
    <subfield code="a">HMI</subfield>
    <subfield code="b">HMI</subfield>
    <subfield code="c">GEN</subfield>
    <subfield code="d">2018-06-04</subfield>
    <subfield code="l">0</subfield>
    <subfield code="o">297.1241 BUK V2</subfield>
    <subfield code="p">1992</subfield>
    <subfield code="r">2018-06-04</subfield>
    <subfield code="w">2026-01-16</subfield>
    <subfield code="y">BK</subfield>
  </datafield>
  <datafield tag="952" ind1=" " ind2=" ">
    <subfield code="0">0</subfield>
    <subfield code="1">0</subfield>
    <subfield code="4">0</subfield>
    <subfield code="7">0</subfield>
    <subfield code="a">HMI</subfield>
    <subfield code="b">HMI</subfield>
    <subfield code="c">GEN</subfield>
    <subfield code="d">2018-06-04</subfield>
    <subfield code="l">0</subfield>
    <subfield code="o">297.1241 BUK V3</subfield>
    <subfield code="p">1990</subfield>
    <subfield code="r">2018-06-04</subfield>
    <subfield code="w">2026-01-16</subfield>
    <subfield code="y">BK</subfield>
  </datafield>
  <datafield tag="952" ind1=" " ind2=" ">
    <subfield code="0">0</subfield>
    <subfield code="1">0</subfield>
    <subfield code="4">0</subfield>
    <subfield code="7">0</subfield>
    <subfield code="a">HMI</subfield>
    <subfield code="b">HMI</subfield>
    <subfield code="c">GEN</subfield>
    <subfield code="d">2018-06-04</subfield>
    <subfield code="l">0</subfield>
    <subfield code="o">297.1241 V1</subfield>
    <subfield code="p">4766</subfield>
    <subfield code="r">2018-06-04</subfield>
    <subfield code="w">2018-06-04</subfield>
    <subfield code="y">BK</subfield>
  </datafield>
  <datafield tag="952" ind1=" " ind2=" ">
    <subfield code="0">0</subfield>
    <subfield code="1">0</subfield>
    <subfield code="4">0</subfield>
    <subfield code="7">0</subfield>
    <subfield code="a">HMI</subfield>
    <subfield code="b">HMI</subfield>
    <subfield code="c">GEN</subfield>
    <subfield code="d">2018-06-04</subfield>
    <subfield code="l">0</subfield>
    <subfield code="o">297.1241 BUK V4</subfield>
    <subfield code="p">1991</subfield>
    <subfield code="r">2018-06-04</subfield>
    <subfield code="w">2018-06-04</subfield>
    <subfield code="y">BK</subfield>
  </datafield>
  <datafield tag="999" ind1=" " ind2=" ">
    <subfield code="c">21093</subfield>
    <subfield code="d">21093</subfield>
  </datafield>
</record>
